kku e-library facility

Clinical Microbiology Made Ridiculously Simple (Record no. 155)

MARC details
000 -LEADER
fixed length control field 00447nam a2200145 4500
005 - DATE AND TIME OF LATEST TRANSACTION
control field 20260212134443.0
008 - FIXED-LENGTH DATA ELEMENTS--GENERAL INFORMATION
fixed length control field 260212b |||||||| |||| 00| 0 eng d
020 ## - INTERNATIONAL STANDARD BOOK NUMBER
International Standard Book Number 9781935660491
100 ## - MAIN ENTRY--PERSONAL NAME
Personal name Gladwin T. Mark, Trattler William and Mahan C. Scott
245 ## - TITLE STATEMENT
Title Clinical Microbiology Made Ridiculously Simple
Statement of responsibility, etc. /Mark T. Gladwin
250 ## - EDITION STATEMENT
Edition statement 9th Edition
260 ## - PUBLICATION, DISTRIBUTION, ETC.
Place of publication, distribution, etc. Miami;
Name of publisher, distributor, etc. MedMaster;
Date of publication, distribution, etc. 2023
300 ## - PHYSICAL DESCRIPTION
Extent vii,403p ill;
Dimensions 28.5cm
942 ## - ADDED ENTRY ELEMENTS (KOHA)
Source of classification or shelving scheme Library of Congress Classification
Suppress in OPAC No
Koha item type Books

No items available.

©2025 All rights reserved. KKU